ბათუმის შოთა რუსთაველის სახელმწიფო უნივერსიტეტის ბიბლიოთეკა

Лингвистика перевода (ბიბ.ჩანაწერი № 35089)

000 -LEADER
fixed length control field 00638nam a2200241Ia 4500
001 - CONTROL NUMBER
control field 930
003 - CONTROL NUMBER IDENTIFIER
control field GE_BSU
008 - FIXED-LENGTH DATA ELEMENTS--GENERAL INFORMATION
fixed length control field 181216s||||||||xx |||||||||||||| ||und||
020 ## - INTERNATIONAL STANDARD BOOK NUMBER
International Standard Book Number 9785397003629
040 ## - CATALOGING SOURCE
Transcribing agency GE_BSU
080 ## - UNIVERSAL DECIMAL CLASSIFICATION NUMBER
Universal Decimal Classification number 81(075.8)
100 ## - MAIN ENTRY--PERSONAL NAME
Personal name Комиссаров,В.Н.
245 ## - TITLE STATEMENT
Title Лингвистика перевода
245 ## - TITLE STATEMENT
Statement of responsibility, etc. Предисл. М.Я.Цвиллинга
250 ## - EDITION STATEMENT
Edition statement 3-е изд.
260 ## - PUBLICATION, DISTRIBUTION, ETC.
Place of publication, distribution, etc. Москва
260 ## - PUBLICATION, DISTRIBUTION, ETC.
Name of publisher, distributor, etc. Книжный дом "Либроком
260 ## - PUBLICATION, DISTRIBUTION, ETC.
Date of publication, distribution, etc. 2008
300 ## - PHYSICAL DESCRIPTION
Extent 176стр.
653 ## - INDEX TERM--UNCONTROLLED
Uncontrolled term Лингвистика перевода
942 ## - ADDED ENTRY ELEMENTS (KOHA)
Koha item type წიგნი
ეგზემპლარები
Withdrawn status Lost status Damaged status Not for loan Date acquired Barcode Date last seen Price effective from Koha item type Public note
        2018-12-17 2492 2018-12-17 2018-12-17 წიგნი დარბაზი
        2018-12-17 2493 2018-12-17 2018-12-17 წიგნი დარბაზი
        2018-12-17 2494 2018-12-17 2018-12-17 წიგნი საცავი
        2018-12-17 2495 2018-12-17 2018-12-17 წიგნი საცავი
        2018-12-17 2496 2018-12-17 2018-12-17 წიგნი საცავი
        2018-12-17 2497 2018-12-17 2018-12-17 წიგნი საცავი
        2018-12-17 2498 2018-12-17 2018-12-17 წიგნი საცავი
        2018-12-17 2499 2018-12-17 2018-12-17 წიგნი საცავი
        2018-12-17 2500 2018-12-17 2018-12-17 წიგნი საცავი
        2018-12-17 2501 2018-12-17 2018-12-17 წიგნი საცავი